=LDR 00000nam 2200000 4500 =001 INLIS000000000032138 =005 20130612134148 =008 ***********************************ind** =035 ##$$0010-061300000032138 =041 ##$$a ind =082 ##$$a 403 =090 ##$$a R. 403, Sem k.1 =100 ##$$a SEMITA, Muryani J =245 ##$$a Kamus Praktis, Inggris - Jepang - Indonesia, Muryani J Semita =260 ##$$a 2008 $b Jogjakartya =300 ##$$a 265 hlm, 20 cm =650 ##$$a Poliglot =850 ##$$a NBPNMAT